LEADER 01385cam1-2200469---450- 001 990000056620203316 005 20080414132448.0 035 $a0005662 035 $aUSA010005662 035 $a(ALEPH)000005662USA01 035 $a0005662 100 $a20000914d1994----|||t0itay0103----ba 101 0 $aita 102 $aIT 105 $a||||||||001yy 200 1 $aTecnologie di produzione meccanica$fa cura di Ignazio Crivelli Visconti ... [et al.] 210 $aFirenze$cCremonese$dcopyr.1994 215 $a3 v.$d25 cm 606 0 $aTecnologia meccanica 676 $a671 702 1$aCRIVELLI VISCONTI,$bIgnazio 801 $aIT$bSALBC$gISBD 912 $a990000056620203316 951 $a671 TEC 1-3$bIng.$c671 TEC 959 $aBK 969 $aTEC 979 $c20000914$lUSA01$h1725 979 $c20001019$lUSA01$h1055 979 $c20001019$lUSA01$h1452 979 $c20001019$lUSA01$h1500 979 $c20001019$lUSA01$h1537 979 $c20001024$lUSA01$h1513 979 $c20001027$lUSA01$h1518 979 $c20001027$lUSA01$h1522 979 $c20001110$lUSA01$h1709 979 $c20001124$lUSA01$h1207 979 $aPATTY$b90$c20011114$lUSA01$h1210 979 $aPATTY$b90$c20011114$lUSA01$h1214 979 $c20020403$lUSA01$h1613 979 $aPATRY$b90$c20040406$lUSA01$h1605 979 $aPATRY$b90$c20080414$lUSA01$h1324 997 $aUNISA LEADER 03125oam 2200673I 450 001 9910456679703321 005 20200520144314.0 010 $a1-135-24079-5 010 $a1-135-24082-5 010 $a1-282-44328-3 010 $a9786612443282 010 $a0-203-86741-6 024 7 $a10.4324/9780203867419 035 $a(CKB)2550000000000112 035 $a(EBL)465442 035 $a(OCoLC)501824536 035 $a(SSID)ssj0000336266 035 $a(PQKBManifestationID)11286670 035 $a(PQKBTitleCode)TC0000336266 035 $a(PQKBWorkID)10281725 035 $a(PQKB)11392090 035 $a(MiAaPQ)EBC465442 035 $a(MiAaPQ)EBC5423391 035 $a(Au-PeEL)EBL5423391 035 $a(OCoLC)1051138341 035 $a(OCoLC)501824536 035 $a(EXLCZ)992550000000000112 100 $a20180706d2010 uy 0 101 0 $aeng 135 $aur|n|---||||| 181 $ctxt 182 $cc 183 $acr 200 10$aCountdown to non-fiction writing $estep by step approach to writing techniques for 7-12 years /$fSteve Bowkett 210 1$aLondon ;$aNew York :$cRoutledge,$d2010. 215 $a1 online resource (139 p.) 225 1 $aCountdown series 300 $aDescription based upon print version of record. 311 $a1-138-37134-3 311 $a0-415-49259-9 320 $aIncludes bibliographical references and index. 327 $aBook Cover; Title; Copyright; Contents; Introduction; Section 1 Non-fiction, truth and lies; Section 2 Questioning skills; Section 3 Evaluating information; Section 4 Persuasive writing; Section 5 Writing an argument (discursive writing); Section 6 Writing to inform; Section 7 Putting it all together; Bibliography; Index 330 $aDeveloping children's writing abilities boosts their confidence, creates enjoyment and relevance in the task and cultivates a range of decision-making and problem-solving skills that can then be applied across the curriculum. The Countdown series provides all the support you need in helping children to improve their prose, poetry and non-fiction writing. Countdown to Non-Fiction Writing is a comprehensive and flexible resource which you can use in different ways. It includes:37 stand-alone modules which cover all aspects of writing and understanding non-fictio 410 0$aCountdown (Routledge (Firm)) 606 $aEnglish language$xComposition and exercises$xStudy and teaching (Elementary) 606 $aEnglish language$xComposition and exercises$xStudy and teaching (Middle school) 606 $aCreative writing$xStudy and teaching 608 $aElectronic books. 615 0$aEnglish language$xComposition and exercises$xStudy and teaching (Elementary) 615 0$aEnglish language$xComposition and exercises$xStudy and teaching (Middle school) 615 0$aCreative writing$xStudy and teaching. 676 $a372.62/3 700 $aBowkett$b Stephen.$0874592 801 0$bFlBoTFG 801 1$bFlBoTFG 906 $aBOOK 912 $a9910456679703321 996 $aCountdown to non-fiction writing$91952762 997 $aUNINA LEADER 05532oam 2200649M 450 001 9910452880003321 005 20190225021609.0 010 $a1-351-28199-2 010 $a1-351-28200-X 010 $a1-909493-27-9 024 7 $a10.4324/9781351282000 035 $a(CKB)2550000001040352 035 $a(EBL)1741665 035 $a(SSID)ssj0001101177 035 $a(PQKBManifestationID)11610349 035 $a(PQKBTitleCode)TC0001101177 035 $a(PQKBWorkID)11066684 035 $a(PQKB)10541317 035 $a(MiAaPQ)EBC1741665 035 $a(Au-PeEL)EBL1741665 035 $a(CaPaEBR)ebr10650129 035 $a(OCoLC)828743303 035 $a(OCoLC)1067240720 035 $a(OCoLC-P)1067240720 035 $a(FlBoTFG)9781351282000 035 $a(EXLCZ)992550000001040352 100 $a20180706d2017 uy 0 101 0 $aeng 135 $aur||||||||||| 181 $ctxt 182 $cc 183 $acr 200 10$aLeaders and Laggards $eNext-Generation Environmental Regulation /$feditors, Sinclair, Darren 205 $aFirst edition. 210 1$aLondon :$cTaylor and Francis,$d2017. 215 $a1 online resource (224 p.) 300 $aDescription based upon print version of record. 311 $a1-874719-48-9 311 $a1-874719-49-7 320 $aIncludes bibliographical references and index. 327 $aCover page; Copyright page; Contents; Preface; 1. Introduction; 2. Regulating small and medium-sized enterprises; 3. Partnerships, emss and the search for regulatory surrogates in the smash repair industry; 4. Refrigeration and air-conditioning: Co-regulation and industry self-management; 5. Cleaner production and the victorian vegetable growers; 6. Regulating large enterprises; 7. Voluntary approaches to environmental protection Lessons from the mining sector*; 8. Community empowerment and regulatory flexibility: EIPs and accredited licensing 327 $a9. Conclusion: Reconfiguring environmental regulationBibliography; Abbreviations; Index 330 2 $a"Consensus is growing internationally that traditional command-and-control approaches to environmental regulation have borne much of their low-hanging fruit. Yet it is far from clear what should complement or replace them. Regulatory agencies and policy-makers are struggling with a lack of information about regulatory reform, about what works and what doesn't, and about how best to harness the resources of both government and non-government stakeholders. Progress is being impeded unnecessarily by a lack of shared knowledge of how similar agencies elsewhere are meeting similar challenges and by a lack of data on the success or otherwise of existing initiatives.? Despite recent and valuable attempts to deal with such problems in the European Union and North America, these remain islands of wisdom in a sea of ignorance. For example, when it comes to dealing with small and medium-sized enterprises, very little is known, and what is known is not effectively distilled and disseminated. Much the same could be said about the roles of third parties, commercial and non-commercial, as surrogate regulators, and more broadly of many current initiatives to reconfigure the regulatory state.? Based on the authors' work for the OECD, Victorian Environmental Protection Authority and the Western Australian Department of Environment Protection, Leaders and Laggards addresses these problems by identifying innovative regulatory best practice internationally in a number of specific contexts, evaluating empirically the effectiveness of regulatory reform and providing policy prescriptions that would better enable agencies to fulfil their regulatory missions.? Focusing primarily on the differing requirements for both corporations and small and medium-sized enterprises in North America and Europe, the book aims to complement existing initiatives and to expand knowledge of regulatory reform by showing: how existing experience can best be put to practical use "on the ground"; by drawing lessons from experiments in innovative regulation internationally; by reporting and extrapolating on original case studies; and by advancing understanding on which instruments and strategies are likely to be of most value and why. The authors argue that the development of theory has outstripped its application. In essence, Leaders and Laggards aims to ground a myriad of theory on the reinvention of environmental regulation into practice.? The book will be essential reading for environmental policy-makers, regulatory and other government officials responsible for policy design and implementation, academics and postgraduate students in environmental management, environmental law and environmental policy, and a more general readership within environmental policy and management studies. It will also be of interest to those in industry, such as environmental managers and corporate strategists, who are considering the use of more innovative environmental and regulatory strategies, and to environmental NGOs."--Provided by publisher. 606 $aEnvironmental policy 606 $aEnvironmental protection 608 $aElectronic books. 615 0$aEnvironmental policy. 615 0$aEnvironmental protection. 676 $a333.7/2 700 $aGunningham$b Neil$0852541 702 $aSinclair$b Darren 801 0$bOCoLC-P 801 1$bOCoLC-P 906 $aBOOK 912 $a9910452880003321 996 $aLeaders and Laggards$91903748 997 $aUNINA LEADER 01195nas 2200385-a 450 001 9910898274003321 005 20200728073713.4 035 $a(OCoLC)796977270 035 $a(CKB)2670000000193883 035 $a(CONSER)--2012261144 035 $a(EXLCZ)992670000000193883 100 $a20120628a20119999 --- - 101 0 $aeng 135 $aur||||||||||| 181 $ctxt$2rdacontent 182 $cc$2rdamedia 183 $acr$2rdacarrier 200 00$aIndo American journal of pharmaceutical research 210 $a[India] $c[Indo American Journal of Pharmaceutical Research] 300 $aRefereed/Peer-reviewed 311 $a2231-6876 517 1 $aIAJPR 606 $aPharmacy$xResearch$vPeriodicals 606 $aPharmacy$xResearch$zIndia$vPeriodicals 606 $aPharmacy$xResearch$2fast$3(OCoLC)fst01060314 607 $aIndia$2fast 608 $aPeriodicals.$2fast 610 $aPharmacy, Therapeutics, & Pharmacology 615 0$aPharmacy$xResearch 615 0$aPharmacy$xResearch 615 7$aPharmacy$xResearch. 906 $aJOURNAL 912 $a9910898274003321 996 $aIndo American journal of pharmaceutical research$94212655 997 $aUNINA LEADER 05400nam 22007095 450 001 9910299898303321 005 20200706211425.0 010 $a981-10-7410-0 024 7 $a10.1007/978-981-10-7410-3 035 $a(CKB)4100000001381556 035 $a(DE-He213)978-981-10-7410-3 035 $a(MiAaPQ)EBC5191560 035 $a(PPN)222226625 035 $a(EXLCZ)994100000001381556 100 $a20171212d2018 u| 0 101 0 $aeng 135 $aurnn#008mamaa 181 $ctxt$2rdacontent 182 $cc$2rdamedia 183 $acr$2rdacarrier 200 10$aModeling and Simulation of Turbulent Combustion /$fedited by Santanu De, Avinash Kumar Agarwal, Swetaprovo Chaudhuri, Swarnendu Sen 205 $a1st ed. 2018. 210 1$aSingapore :$cSpringer Singapore :$cImprint: Springer,$d2018. 215 $a1 online resource (XVIII, 661 p. 225 illus., 135 illus. in color.) 225 1 $aEnergy, Environment, and Sustainability,$x2522-8366 311 $a981-10-7409-7 320 $aIncludes bibliographical references at the end of each chapters and index. 327 $a1. Tentative Title of the Chapters -- 2. Fundamentals and modelling of Turbulence ? Chemistry Interactions -- 3. Development of reaction mechanisms for combustion simulations -- 4. Optimization and reduction of chemical kinetics -- 5. Turbulent Combustion simulations with HPC -- 6. Direct Numerical Simulations of Turbulent Combustion -- 7. RANS of premixed turbulent flames -- 8. Large eddy simulations of turbulent premixed combustion -- 9. Modelling of Turbulent Premixed Flames using Flamelet-Generated Manifolds -- 10. Modelling of Turbulent Premixed Flames using Conditional Moment Closure -- 11. Direct Numerical Simulations of premixed turbulent combustion: Relevance and applications to engineering computational analyses -- 12. Conditional Moment Closure Methods for Turbulent Non-Premixed Combustion -- 13. Direct Numerical Simulations of autoignition in turbulent non-premixed flames -- 14. Soot modelling in hydrocarbon flames: assessment of semi-empirical models and method of moments -- 15. Transported PDF method for MILD combustion -- 16. Large eddy simulation of nonpremixed flames using filtered mass density function approach -- 17.Multiple Mapping Conditioning Approach -- 18. Characterization of turbulent combustion systems using dynamical systems theory -- 19. Modeling of soot formation in a kerosene spray flame -- 20. Modeling and Simulations of  Turbulent Stratified Flames -- 21. Recent Progress in Turbulent Combustion Modeling of Spray Flames using Flamelet Models -- 22. Numerical simulation of turbulent combustion in internal combustion engines -- 23. On the Theory and Modelling of Flame Acceleration and Deflagration-to-Detonation Transition -- 24. Combustion in supersonic flows and scramjet combustion simulation.  . 330 $aThis book presents a comprehensive review of state-of-the-art models for turbulent combustion, with special emphasis on the theory, development and applications of combustion models in practical combustion systems. It simplifies the complex multi-scale and nonlinear interaction between chemistry and turbulence to allow a broader audience to understand the modeling and numerical simulations of turbulent combustion, which remains at the forefront of research due to its industrial relevance. Further, the book provides a holistic view by covering a diverse range of basic and advanced topics?from the fundamentals of turbulence?chemistry interactions, role of high-performance computing in combustion simulations, and optimization and reduction techniques for chemical kinetics, to state-of-the-art modeling strategies for turbulent premixed and nonpremixed combustion and their applications in engineering contexts.  . 410 0$aEnergy, Environment, and Sustainability,$x2522-8366 606 $aThermodynamics 606 $aHeat engineering 606 $aHeat$xTransmission 606 $aMass transfer 606 $aFluid mechanics 606 $aEngines 606 $aMachinery 606 $aEngineering Thermodynamics, Heat and Mass Transfer$3https://scigraph.springernature.com/ontologies/product-market-codes/T14000 606 $aEngineering Fluid Dynamics$3https://scigraph.springernature.com/ontologies/product-market-codes/T15044 606 $aEngine Technology$3https://scigraph.springernature.com/ontologies/product-market-codes/T17048 615 0$aThermodynamics. 615 0$aHeat engineering. 615 0$aHeat$xTransmission. 615 0$aMass transfer. 615 0$aFluid mechanics. 615 0$aEngines. 615 0$aMachinery. 615 14$aEngineering Thermodynamics, Heat and Mass Transfer. 615 24$aEngineering Fluid Dynamics. 615 24$aEngine Technology. 676 $a541.361015118 702 $aDe$b Santanu$4edt$4http://id.loc.gov/vocabulary/relators/edt 702 $aAgarwal$b Avinash Kumar$4edt$4http://id.loc.gov/vocabulary/relators/edt 702 $aChaudhuri$b Swetaprovo$4edt$4http://id.loc.gov/vocabulary/relators/edt 702 $aSen$b Swarnendu$4edt$4http://id.loc.gov/vocabulary/relators/edt 801 0$bMiAaPQ 801 1$bMiAaPQ 801 2$bMiAaPQ 906 $aBOOK 912 $a9910299898303321 996 $aModeling and Simulation of Turbulent Combustion$92525407 997 $aUNINA